000 00366nam a2200145Ia 4500
008 150201s2004 xx 000 0 und d
082 _a616.01
_bE2004B
100 _aBHATIA RAJESH
245 _aESSENTIAL OF MEDICAL MICROBIOLOGY
250 _a3RD
260 _bJAYPEE MEDICAL PUBLISHER
_aDELHI
_c2004
300 _a1-505
650 _aMICROBIOLOGY
942 _2ddc
_cBK
999 _c3651
_d3651